000 00535nam a22001817a 4500
005 20251108165242.0
008 250721s1993 xx 000 0 ara d
082 1 4 _a613.25/عاد
100 1 _aخيرت، عادل
245 1 0 _aالسمنة و زيادة الوزن بين المشكلة و الحل /
250 _aط3
264 1 _aالقاهرة :
_bمركز الكتاب للنشر،
_c1993.
300 _a122ص
650 1 7 _aالريجيم
650 1 7 _aاللياقة البدنية
942 _2ddc
_cBK
999 _c23301
_d23301